| 000 | 00000nam##2200000za#4500 |
| 001 | 9.597478 |
| 003 | CaOODSP |
| 005 | 20210624204052 |
| 007 | cr ||||||||||| |
| 008 | 150406|1999||||xxc|||||o f|0| 0 fre|d |
| 040 | |aCaOODSP|bfre |
| 043 | |an-cn--- |
| 086 | 1 |aTU3-8/99-1F-PDF |
| 110 | 2 |aBureau de la sécurité des transports du Canada. |
| 245 | 10|aRupture d'un oléoduc de pétrole brut - Enbridge Pipelines Inc. Conduite principale de 864 mm de diamètre borne kilométrique 714,8541 à environ 10,6 km à l'est de Regina (Saskatchewan), le 20 mai 1999 |h[ressource électronique] |
| 260 | |bBureau de la sécurité des transports du Canada |c[2002]. |
| 300 | |a14p.|bglossaire, ill. |
| 490 | 1 |aRapport d’enquête de pipeline |vP99H0021 |
| 590 | |a10-05-Supp|b2010-07-20 |
| 691 | 07|aPipeline|2gcpds |
| 775 | 08|tCrude oil pipeline rupture - Enbridge Pipelines Inc. 864-millimetre-diameter mainline, Kilometre 714.8541 approximately 10.6 kilometres east of Regina, Saskatchewan, 20 May 1999 |w(CaOODSP)9.565988 |
| 830 | #0|aRapport d’enquête de pipeline ;|vP99H0021|w(CaOODSP)9.502072 |
| 856 | 40|ahttp://publications.gc.ca|qPDF|s275 Ko|uhttps://publications.gc.ca/collections/collection_2009/bst-tsb/TU3-8-99-1F.pdf|yP99H0021 |